| 000 | 00728cam a2200265 4500500 | ||
|---|---|---|---|
| 005 | 20260405003733.0 | ||
| 041 | _afre | ||
| 042 | _adc | ||
| 100 | 1 | 0 |
_aNathan, Tobie _eauthor |
| 245 | 0 | 0 | _aDopamine Détox : faut-il moraliser notre cerveau ? |
| 260 | _c2023. | ||
| 500 | _a95 | ||
| 690 | _aAddiction | ||
| 690 | _aAscèse | ||
| 690 | _aBonheur | ||
| 690 | _aCerveau | ||
| 690 | _aDiète | ||
| 690 | _aÉcrans | ||
| 690 | _aMorale | ||
| 690 | _aNumérique | ||
| 690 | _aPlaisir | ||
| 690 | _aTobie Nathan | ||
| 786 | 0 | _nPhilosophie magazine | 172 | 9 | 2023-09-01 | p. 15-15 | 1951-1787 | |
| 856 | 4 | 1 | _uhttps://shs.cairn.info/magazine-philosophie-magazine-2023-9-page-15?lang=fr&redirect-ssocas=7080 |
| 999 |
_c2070361 _d2070361 |
||